<?xml version="1.0" encoding="UTF-8"?>
<record
    xmlns:xsi="http://www.w3.org/2001/XMLSchema-instance"
    xsi:schemaLocation="http://www.loc.gov/MARC21/slim http://www.loc.gov/standards/marcxml/schema/MARC21slim.xsd"
    xmlns="http://www.loc.gov/MARC21/slim">

  <leader>01057nas a2200265 454500</leader>
  <controlfield tag="001">25461</controlfield>
  <controlfield tag="005">20260407193506.0</controlfield>
  <controlfield tag="008">260407s1980####ag###########|||spa#d</controlfield>
  <controlfield tag="003">AR-UNSa-BCEJYS</controlfield>
  <datafield tag="040" ind1=" " ind2=" ">
    <subfield code="a">AR-UNSa-BCEJYS</subfield>
    <subfield code="b">spa</subfield>
    <subfield code="c">AR-UNSa-BCEJYS</subfield>
  </datafield>
  <datafield tag="080" ind1=" " ind2=" ">
    <subfield code="a">330</subfield>
    <subfield code="x">Econom&#xED;a en general</subfield>
  </datafield>
  <datafield tag="245" ind1="1" ind2="0">
    <subfield code="a">Interpretaci&#xF3;n econ&#xF3;mica</subfield>
  </datafield>
  <datafield tag="022" ind1=" " ind2=" ">
    <subfield code="a">0326-100X</subfield>
  </datafield>
  <datafield tag="264" ind1=" " ind2="1">
    <subfield code="a">Buenos Aires :</subfield>
    <subfield code="b">Universidad Cat&#xF3;lica de la Plata</subfield>
    <subfield code="c">1980</subfield>
  </datafield>
  <datafield tag="310" ind1=" " ind2=" ">
    <subfield code="a">Frecuencia: Mensual</subfield>
  </datafield>
  <datafield tag="505" ind1=" " ind2=" ">
    <subfield code="a">Cambia de Director a partir del A&#xF1;o 3, N&#xBA; 28 por Luis Jorge Novaro
Cambia de Director a partir del A&#xF1;o 3, N&#xBA; 35 por Ram&#xF3;n Germ&#xE1;n Paj&#xF3;n
Cambia de Director a partir del A&#xF1;o 4, N&#xBA; 48 por Nicol&#xE1;s Argentato</subfield>
  </datafield>
  <datafield tag="942" ind1=" " ind2=" ">
    <subfield code="c">SER</subfield>
  </datafield>
  <datafield tag="590" ind1=" " ind2=" ">
    <subfield code="a">niveau_biblio:s niveau_hierar:1</subfield>
  </datafield>
  <datafield tag="100" ind1="1" ind2=" ">
    <subfield code="a">Asociaci&#xF3;n de Economistas Argentinos</subfield>
  </datafield>
  <datafield tag="700" ind1="1" ind2=" ">
    <subfield code="a">Racero Borghetti, Rafael</subfield>
  </datafield>
  <datafield tag="650" ind1=" " ind2=" ">
    <subfield code="a">Inflaci&#xF3;n</subfield>
  </datafield>
  <datafield tag="650" ind1=" " ind2=" ">
    <subfield code="a">ECONOMIA</subfield>
  </datafield>
  <datafield tag="650" ind1=" " ind2=" ">
    <subfield code="a">ECONOMIA INTERNACIONAL</subfield>
  </datafield>
  <datafield tag="856" ind1="4" ind2="1">
    <subfield code="u">https://biblioeco.unsa.edu.ar/pmb/images/revistas/Interpretacion Economica.jpg</subfield>
    <subfield code="y">Imagen de portada</subfield>
    <subfield code="q">image/jpeg</subfield>
  </datafield>
  <datafield tag="999" ind1=" " ind2=" ">
    <subfield code="c">8588</subfield>
    <subfield code="d">8588</subfield>
  </datafield>
  <datafield tag="952" ind1=" " ind2=" ">
    <subfield code="0">0</subfield>
    <subfield code="1">0</subfield>
    <subfield code="4">0</subfield>
    <subfield code="7">0</subfield>
    <subfield code="a">BCEJYS</subfield>
    <subfield code="b">BCEJYS</subfield>
    <subfield code="c">17</subfield>
    <subfield code="d">1985-05-01</subfield>
    <subfield code="h">A&#xF1;o 7, N&#xBA; 76 - mayo 1985</subfield>
    <subfield code="l">0</subfield>
    <subfield code="o">H330 INE 76</subfield>
    <subfield code="p">R12294</subfield>
    <subfield code="r">2026-04-10 16:08:25</subfield>
    <subfield code="w">2026-04-10</subfield>
    <subfield code="y">RN</subfield>
  </datafield>
  <datafield tag="952" ind1=" " ind2=" ">
    <subfield code="0">0</subfield>
    <subfield code="1">0</subfield>
    <subfield code="4">0</subfield>
    <subfield code="7">0</subfield>
    <subfield code="a">BCEJYS</subfield>
    <subfield code="b">BCEJYS</subfield>
    <subfield code="c">17</subfield>
    <subfield code="d">1985-04-01</subfield>
    <subfield code="h">A&#xF1;o 7, N&#xBA; 75 - abr. 1985</subfield>
    <subfield code="l">0</subfield>
    <subfield code="o">H330 INE 75</subfield>
    <subfield code="p">R12293</subfield>
    <subfield code="r">2026-04-10 16:08:25</subfield>
    <subfield code="w">2026-04-10</subfield>
    <subfield code="y">RN</subfield>
  </datafield>
  <datafield tag="952" ind1=" " ind2=" ">
    <subfield code="0">0</subfield>
    <subfield code="1">0</subfield>
    <subfield code="4">0</subfield>
    <subfield code="7">0</subfield>
    <subfield code="a">BCEJYS</subfield>
    <subfield code="b">BCEJYS</subfield>
    <subfield code="c">17</subfield>
    <subfield code="d">1985-02-01</subfield>
    <subfield code="h">A&#xF1;o 7, N&#xBA; 73 - feb. 1985</subfield>
    <subfield code="l">0</subfield>
    <subfield code="o">H330 INE 73</subfield>
    <subfield code="p">R12292</subfield>
    <subfield code="r">2026-04-10 16:08:25</subfield>
    <subfield code="w">2026-04-10</subfield>
    <subfield code="y">RN</subfield>
  </datafield>
  <datafield tag="952" ind1=" " ind2=" ">
    <subfield code="0">0</subfield>
    <subfield code="1">0</subfield>
    <subfield code="4">0</subfield>
    <subfield code="7">0</subfield>
    <subfield code="a">BCEJYS</subfield>
    <subfield code="b">BCEJYS</subfield>
    <subfield code="c">17</subfield>
    <subfield code="d">1985-01-01</subfield>
    <subfield code="h">A&#xF1;o 7, N&#xBA; 72 - ene. 1985</subfield>
    <subfield code="l">0</subfield>
    <subfield code="o">H330 INE 72</subfield>
    <subfield code="p">R12291</subfield>
    <subfield code="r">2026-04-10 16:08:25</subfield>
    <subfield code="w">2026-04-10</subfield>
    <subfield code="y">RN</subfield>
  </datafield>
  <datafield tag="952" ind1=" " ind2=" ">
    <subfield code="0">0</subfield>
    <subfield code="1">0</subfield>
    <subfield code="4">0</subfield>
    <subfield code="7">0</subfield>
    <subfield code="a">BCEJYS</subfield>
    <subfield code="b">BCEJYS</subfield>
    <subfield code="c">17</subfield>
    <subfield code="d">1984-11-01</subfield>
    <subfield code="h">A&#xF1;o 6, N&#xBA; 71 - nov./dic. 1984</subfield>
    <subfield code="l">0</subfield>
    <subfield code="o">H330 INE 71</subfield>
    <subfield code="p">R12290</subfield>
    <subfield code="r">2026-04-10 16:08:25</subfield>
    <subfield code="w">2026-04-10</subfield>
    <subfield code="y">RN</subfield>
  </datafield>
  <datafield tag="952" ind1=" " ind2=" ">
    <subfield code="0">0</subfield>
    <subfield code="1">0</subfield>
    <subfield code="4">0</subfield>
    <subfield code="7">0</subfield>
    <subfield code="a">BCEJYS</subfield>
    <subfield code="b">BCEJYS</subfield>
    <subfield code="c">17</subfield>
    <subfield code="d">1984-10-01</subfield>
    <subfield code="h">A&#xF1;o 6, N&#xBA; 70 - oct. 1984</subfield>
    <subfield code="l">0</subfield>
    <subfield code="o">H330 INE 70</subfield>
    <subfield code="p">R19448</subfield>
    <subfield code="r">2026-04-10 16:08:25</subfield>
    <subfield code="w">2026-04-10</subfield>
    <subfield code="y">RN</subfield>
  </datafield>
  <datafield tag="952" ind1=" " ind2=" ">
    <subfield code="0">0</subfield>
    <subfield code="1">0</subfield>
    <subfield code="4">0</subfield>
    <subfield code="7">0</subfield>
    <subfield code="a">BCEJYS</subfield>
    <subfield code="b">BCEJYS</subfield>
    <subfield code="c">17</subfield>
    <subfield code="d">1984-09-01</subfield>
    <subfield code="h">A&#xF1;o 6, N&#xBA; 69 - sep. 1984</subfield>
    <subfield code="l">0</subfield>
    <subfield code="o">H330 INE 69</subfield>
    <subfield code="p">R12289</subfield>
    <subfield code="r">2026-04-10 16:08:25</subfield>
    <subfield code="w">2026-04-10</subfield>
    <subfield code="y">RN</subfield>
  </datafield>
  <datafield tag="952" ind1=" " ind2=" ">
    <subfield code="0">0</subfield>
    <subfield code="1">0</subfield>
    <subfield code="4">0</subfield>
    <subfield code="7">0</subfield>
    <subfield code="a">BCEJYS</subfield>
    <subfield code="b">BCEJYS</subfield>
    <subfield code="c">17</subfield>
    <subfield code="d">1984-08-01</subfield>
    <subfield code="h">A&#xF1;o 6, N&#xBA; 68 - ago. 1984</subfield>
    <subfield code="l">0</subfield>
    <subfield code="o">H330 INE 68</subfield>
    <subfield code="p">R12287</subfield>
    <subfield code="r">2026-04-10 16:08:25</subfield>
    <subfield code="w">2026-04-10</subfield>
    <subfield code="y">RN</subfield>
  </datafield>
  <datafield tag="952" ind1=" " ind2=" ">
    <subfield code="0">0</subfield>
    <subfield code="1">0</subfield>
    <subfield code="4">0</subfield>
    <subfield code="7">0</subfield>
    <subfield code="a">BCEJYS</subfield>
    <subfield code="b">BCEJYS</subfield>
    <subfield code="c">17</subfield>
    <subfield code="d">1984-07-01</subfield>
    <subfield code="h">A&#xF1;o 6, N&#xBA; 67 - jul. 1984</subfield>
    <subfield code="l">0</subfield>
    <subfield code="o">H330 INE 67</subfield>
    <subfield code="p">R12288</subfield>
    <subfield code="r">2026-04-10 16:08:25</subfield>
    <subfield code="w">2026-04-10</subfield>
    <subfield code="y">RN</subfield>
  </datafield>
  <datafield tag="952" ind1=" " ind2=" ">
    <subfield code="0">0</subfield>
    <subfield code="1">0</subfield>
    <subfield code="4">0</subfield>
    <subfield code="7">0</subfield>
    <subfield code="a">BCEJYS</subfield>
    <subfield code="b">BCEJYS</subfield>
    <subfield code="c">17</subfield>
    <subfield code="d">1984-06-01</subfield>
    <subfield code="h">A&#xF1;o 6, N&#xBA; 66 - jun. 1984</subfield>
    <subfield code="l">0</subfield>
    <subfield code="o">H330 INE 66</subfield>
    <subfield code="p">R12286</subfield>
    <subfield code="r">2026-04-10 16:08:25</subfield>
    <subfield code="w">2026-04-10</subfield>
    <subfield code="y">RN</subfield>
  </datafield>
  <datafield tag="952" ind1=" " ind2=" ">
    <subfield code="0">0</subfield>
    <subfield code="1">0</subfield>
    <subfield code="4">0</subfield>
    <subfield code="7">0</subfield>
    <subfield code="a">BCEJYS</subfield>
    <subfield code="b">BCEJYS</subfield>
    <subfield code="c">17</subfield>
    <subfield code="d">1984-05-01</subfield>
    <subfield code="h">A&#xF1;o 6, N&#xBA; 65 - mayo 1984</subfield>
    <subfield code="l">0</subfield>
    <subfield code="o">H330 INE 65</subfield>
    <subfield code="p">R12285</subfield>
    <subfield code="r">2026-04-10 16:08:25</subfield>
    <subfield code="w">2026-04-10</subfield>
    <subfield code="y">RN</subfield>
  </datafield>
  <datafield tag="952" ind1=" " ind2=" ">
    <subfield code="0">0</subfield>
    <subfield code="1">0</subfield>
    <subfield code="4">0</subfield>
    <subfield code="7">0</subfield>
    <subfield code="a">BCEJYS</subfield>
    <subfield code="b">BCEJYS</subfield>
    <subfield code="c">17</subfield>
    <subfield code="d">1984-04-01</subfield>
    <subfield code="h">A&#xF1;o 6, N&#xBA; 64 - abr. 1984</subfield>
    <subfield code="l">0</subfield>
    <subfield code="o">H330 INE 64</subfield>
    <subfield code="p">R12284</subfield>
    <subfield code="r">2026-04-10 16:08:25</subfield>
    <subfield code="w">2026-04-10</subfield>
    <subfield code="y">RN</subfield>
  </datafield>
  <datafield tag="952" ind1=" " ind2=" ">
    <subfield code="0">0</subfield>
    <subfield code="1">0</subfield>
    <subfield code="4">0</subfield>
    <subfield code="7">0</subfield>
    <subfield code="a">BCEJYS</subfield>
    <subfield code="b">BCEJYS</subfield>
    <subfield code="c">17</subfield>
    <subfield code="d">1983-11-01</subfield>
    <subfield code="h">A&#xF1;o 5, N&#xBA; 59 - nov. 1983</subfield>
    <subfield code="l">0</subfield>
    <subfield code="o">H330 INE 59</subfield>
    <subfield code="p">R12283</subfield>
    <subfield code="r">2026-04-10 16:08:25</subfield>
    <subfield code="w">2026-04-10</subfield>
    <subfield code="y">RN</subfield>
  </datafield>
  <datafield tag="952" ind1=" " ind2=" ">
    <subfield code="0">0</subfield>
    <subfield code="1">0</subfield>
    <subfield code="4">0</subfield>
    <subfield code="7">0</subfield>
    <subfield code="a">BCEJYS</subfield>
    <subfield code="b">BCEJYS</subfield>
    <subfield code="c">17</subfield>
    <subfield code="d">1983-10-01</subfield>
    <subfield code="h">A&#xF1;o 5, N&#xBA; 58 - oct. 1983</subfield>
    <subfield code="l">0</subfield>
    <subfield code="o">H330 INE 58</subfield>
    <subfield code="p">R12282</subfield>
    <subfield code="r">2026-04-10 16:08:25</subfield>
    <subfield code="w">2026-04-10</subfield>
    <subfield code="y">RN</subfield>
  </datafield>
  <datafield tag="952" ind1=" " ind2=" ">
    <subfield code="0">0</subfield>
    <subfield code="1">0</subfield>
    <subfield code="4">0</subfield>
    <subfield code="7">0</subfield>
    <subfield code="a">BCEJYS</subfield>
    <subfield code="b">BCEJYS</subfield>
    <subfield code="c">17</subfield>
    <subfield code="d">1983-09-01</subfield>
    <subfield code="h">A&#xF1;o 5, N&#xBA; 57 - sep. 1983</subfield>
    <subfield code="l">0</subfield>
    <subfield code="o">H330 INE 57</subfield>
    <subfield code="p">R12281</subfield>
    <subfield code="r">2026-04-10 16:08:25</subfield>
    <subfield code="w">2026-04-10</subfield>
    <subfield code="y">RN</subfield>
  </datafield>
  <datafield tag="952" ind1=" " ind2=" ">
    <subfield code="0">0</subfield>
    <subfield code="1">0</subfield>
    <subfield code="4">0</subfield>
    <subfield code="7">0</subfield>
    <subfield code="a">BCEJYS</subfield>
    <subfield code="b">BCEJYS</subfield>
    <subfield code="c">17</subfield>
    <subfield code="d">1983-08-01</subfield>
    <subfield code="h">A&#xF1;o 5, N&#xBA; 56 - ago. 1983</subfield>
    <subfield code="l">0</subfield>
    <subfield code="o">H330 INE 56</subfield>
    <subfield code="p">R12280</subfield>
    <subfield code="r">2026-04-10 16:08:25</subfield>
    <subfield code="w">2026-04-10</subfield>
    <subfield code="y">RN</subfield>
  </datafield>
  <datafield tag="952" ind1=" " ind2=" ">
    <subfield code="0">0</subfield>
    <subfield code="1">0</subfield>
    <subfield code="4">0</subfield>
    <subfield code="7">0</subfield>
    <subfield code="a">BCEJYS</subfield>
    <subfield code="b">BCEJYS</subfield>
    <subfield code="c">17</subfield>
    <subfield code="d">1983-07-01</subfield>
    <subfield code="h">A&#xF1;o 5, N&#xBA; 55 - jul. 1983</subfield>
    <subfield code="l">0</subfield>
    <subfield code="o">H330 INE 55</subfield>
    <subfield code="p">R12279</subfield>
    <subfield code="r">2026-04-10 16:08:25</subfield>
    <subfield code="w">2026-04-10</subfield>
    <subfield code="y">RN</subfield>
  </datafield>
  <datafield tag="952" ind1=" " ind2=" ">
    <subfield code="0">0</subfield>
    <subfield code="1">0</subfield>
    <subfield code="4">0</subfield>
    <subfield code="7">0</subfield>
    <subfield code="a">BCEJYS</subfield>
    <subfield code="b">BCEJYS</subfield>
    <subfield code="c">17</subfield>
    <subfield code="d">1983-06-01</subfield>
    <subfield code="h">A&#xF1;o 5, N&#xBA; 54 - jun. 1983</subfield>
    <subfield code="l">0</subfield>
    <subfield code="o">H330 INE 54</subfield>
    <subfield code="p">R12278</subfield>
    <subfield code="r">2026-04-10 16:08:25</subfield>
    <subfield code="w">2026-04-10</subfield>
    <subfield code="y">RN</subfield>
  </datafield>
  <datafield tag="952" ind1=" " ind2=" ">
    <subfield code="0">0</subfield>
    <subfield code="1">0</subfield>
    <subfield code="4">0</subfield>
    <subfield code="7">0</subfield>
    <subfield code="a">BCEJYS</subfield>
    <subfield code="b">BCEJYS</subfield>
    <subfield code="c">17</subfield>
    <subfield code="d">1983-05-01</subfield>
    <subfield code="h">A&#xF1;o 5, N&#xBA; 53 - mayo 1983</subfield>
    <subfield code="l">0</subfield>
    <subfield code="o">H330 INE 53</subfield>
    <subfield code="p">R12277</subfield>
    <subfield code="r">2026-04-10 16:08:25</subfield>
    <subfield code="w">2026-04-10</subfield>
    <subfield code="y">RN</subfield>
  </datafield>
  <datafield tag="952" ind1=" " ind2=" ">
    <subfield code="0">0</subfield>
    <subfield code="1">0</subfield>
    <subfield code="4">0</subfield>
    <subfield code="7">0</subfield>
    <subfield code="a">BCEJYS</subfield>
    <subfield code="b">BCEJYS</subfield>
    <subfield code="c">17</subfield>
    <subfield code="d">1983-04-01</subfield>
    <subfield code="h">A&#xF1;o 5, N&#xBA; 52 - abr. 1983</subfield>
    <subfield code="l">0</subfield>
    <subfield code="o">H330 INE 52</subfield>
    <subfield code="p">R12276</subfield>
    <subfield code="r">2026-04-10 16:08:25</subfield>
    <subfield code="w">2026-04-10</subfield>
    <subfield code="y">RN</subfield>
  </datafield>
  <datafield tag="952" ind1=" " ind2=" ">
    <subfield code="0">0</subfield>
    <subfield code="1">0</subfield>
    <subfield code="4">0</subfield>
    <subfield code="7">0</subfield>
    <subfield code="a">BCEJYS</subfield>
    <subfield code="b">BCEJYS</subfield>
    <subfield code="c">17</subfield>
    <subfield code="d">1983-02-01</subfield>
    <subfield code="h">A&#xF1;o 5, N&#xBA; 50 - feb. 1983</subfield>
    <subfield code="l">0</subfield>
    <subfield code="o">H330 INE 50</subfield>
    <subfield code="p">R12275</subfield>
    <subfield code="r">2026-04-10 16:08:25</subfield>
    <subfield code="w">2026-04-10</subfield>
    <subfield code="y">RN</subfield>
  </datafield>
  <datafield tag="952" ind1=" " ind2=" ">
    <subfield code="0">0</subfield>
    <subfield code="1">0</subfield>
    <subfield code="4">0</subfield>
    <subfield code="7">0</subfield>
    <subfield code="a">BCEJYS</subfield>
    <subfield code="b">BCEJYS</subfield>
    <subfield code="c">17</subfield>
    <subfield code="d">1983-01-01</subfield>
    <subfield code="h">A&#xF1;o 5, N&#xBA; 49 - ene. 1983</subfield>
    <subfield code="l">0</subfield>
    <subfield code="o">H330 INE 49</subfield>
    <subfield code="p">R12274</subfield>
    <subfield code="r">2026-04-10 16:08:25</subfield>
    <subfield code="w">2026-04-10</subfield>
    <subfield code="y">RN</subfield>
  </datafield>
  <datafield tag="952" ind1=" " ind2=" ">
    <subfield code="0">0</subfield>
    <subfield code="1">0</subfield>
    <subfield code="4">0</subfield>
    <subfield code="7">0</subfield>
    <subfield code="a">BCEJYS</subfield>
    <subfield code="b">BCEJYS</subfield>
    <subfield code="c">17</subfield>
    <subfield code="d">1982-12-01</subfield>
    <subfield code="h">A&#xF1;o 4, N&#xBA; 48 - dic. 1982</subfield>
    <subfield code="l">0</subfield>
    <subfield code="o">H330 INE 48</subfield>
    <subfield code="p">R12273</subfield>
    <subfield code="r">2026-04-10 16:08:25</subfield>
    <subfield code="w">2026-04-10</subfield>
    <subfield code="y">RN</subfield>
  </datafield>
  <datafield tag="952" ind1=" " ind2=" ">
    <subfield code="0">0</subfield>
    <subfield code="1">0</subfield>
    <subfield code="4">0</subfield>
    <subfield code="7">0</subfield>
    <subfield code="a">BCEJYS</subfield>
    <subfield code="b">BCEJYS</subfield>
    <subfield code="c">17</subfield>
    <subfield code="d">1982-11-01</subfield>
    <subfield code="h">A&#xF1;o 4, N&#xBA; 47 - nov. 1982</subfield>
    <subfield code="l">0</subfield>
    <subfield code="o">H330 INE 47</subfield>
    <subfield code="p">R12272</subfield>
    <subfield code="r">2026-04-10 16:08:25</subfield>
    <subfield code="w">2026-04-10</subfield>
    <subfield code="y">RN</subfield>
  </datafield>
  <datafield tag="952" ind1=" " ind2=" ">
    <subfield code="0">0</subfield>
    <subfield code="1">0</subfield>
    <subfield code="4">0</subfield>
    <subfield code="7">0</subfield>
    <subfield code="a">BCEJYS</subfield>
    <subfield code="b">BCEJYS</subfield>
    <subfield code="c">17</subfield>
    <subfield code="d">1982-10-01</subfield>
    <subfield code="h">A&#xF1;o 4, N&#xBA; 46 - oct. 1982</subfield>
    <subfield code="l">0</subfield>
    <subfield code="o">H330 INE 46</subfield>
    <subfield code="p">R12271</subfield>
    <subfield code="r">2026-04-10 16:08:25</subfield>
    <subfield code="w">2026-04-10</subfield>
    <subfield code="y">RN</subfield>
  </datafield>
  <datafield tag="952" ind1=" " ind2=" ">
    <subfield code="0">0</subfield>
    <subfield code="1">0</subfield>
    <subfield code="4">0</subfield>
    <subfield code="7">0</subfield>
    <subfield code="a">BCEJYS</subfield>
    <subfield code="b">BCEJYS</subfield>
    <subfield code="c">17</subfield>
    <subfield code="d">1982-09-01</subfield>
    <subfield code="h">A&#xF1;o 4, N&#xBA; 45 - sep. 1982</subfield>
    <subfield code="l">0</subfield>
    <subfield code="o">H330 INE 45</subfield>
    <subfield code="p">R12270</subfield>
    <subfield code="r">2026-04-10 16:08:25</subfield>
    <subfield code="w">2026-04-10</subfield>
    <subfield code="y">RN</subfield>
  </datafield>
  <datafield tag="952" ind1=" " ind2=" ">
    <subfield code="0">0</subfield>
    <subfield code="1">0</subfield>
    <subfield code="4">0</subfield>
    <subfield code="7">0</subfield>
    <subfield code="a">BCEJYS</subfield>
    <subfield code="b">BCEJYS</subfield>
    <subfield code="c">17</subfield>
    <subfield code="d">1982-08-01</subfield>
    <subfield code="h">A&#xF1;o 4, N&#xBA; 44 - ago. 1982</subfield>
    <subfield code="l">0</subfield>
    <subfield code="o">H330 INE 44</subfield>
    <subfield code="p">R12269</subfield>
    <subfield code="r">2026-04-10 16:08:25</subfield>
    <subfield code="w">2026-04-10</subfield>
    <subfield code="y">RN</subfield>
  </datafield>
  <datafield tag="952" ind1=" " ind2=" ">
    <subfield code="0">0</subfield>
    <subfield code="1">0</subfield>
    <subfield code="4">0</subfield>
    <subfield code="7">0</subfield>
    <subfield code="a">BCEJYS</subfield>
    <subfield code="b">BCEJYS</subfield>
    <subfield code="c">17</subfield>
    <subfield code="d">1982-07-01</subfield>
    <subfield code="h">A&#xF1;o 4, N&#xBA; 43 - jul. 1982</subfield>
    <subfield code="l">0</subfield>
    <subfield code="o">H330 INE 43</subfield>
    <subfield code="p">R12268</subfield>
    <subfield code="r">2026-04-10 16:08:25</subfield>
    <subfield code="w">2026-04-10</subfield>
    <subfield code="y">RN</subfield>
  </datafield>
  <datafield tag="952" ind1=" " ind2=" ">
    <subfield code="0">0</subfield>
    <subfield code="1">0</subfield>
    <subfield code="4">0</subfield>
    <subfield code="7">0</subfield>
    <subfield code="a">BCEJYS</subfield>
    <subfield code="b">BCEJYS</subfield>
    <subfield code="c">17</subfield>
    <subfield code="d">1982-06-01</subfield>
    <subfield code="h">A&#xF1;o 4, N&#xBA; 42 - jun. 1982</subfield>
    <subfield code="l">0</subfield>
    <subfield code="o">H330 INE 42</subfield>
    <subfield code="p">R12267</subfield>
    <subfield code="r">2026-04-10 16:08:25</subfield>
    <subfield code="w">2026-04-10</subfield>
    <subfield code="y">RN</subfield>
  </datafield>
  <datafield tag="952" ind1=" " ind2=" ">
    <subfield code="0">0</subfield>
    <subfield code="1">0</subfield>
    <subfield code="4">0</subfield>
    <subfield code="7">0</subfield>
    <subfield code="a">BCEJYS</subfield>
    <subfield code="b">BCEJYS</subfield>
    <subfield code="c">17</subfield>
    <subfield code="d">1982-04-01</subfield>
    <subfield code="h">A&#xF1;o 4, N&#xBA; 40 - abr. 1982</subfield>
    <subfield code="l">0</subfield>
    <subfield code="o">H330 INE 40</subfield>
    <subfield code="p">R12266</subfield>
    <subfield code="r">2026-04-10 16:08:25</subfield>
    <subfield code="w">2026-04-10</subfield>
    <subfield code="y">RN</subfield>
  </datafield>
  <datafield tag="952" ind1=" " ind2=" ">
    <subfield code="0">0</subfield>
    <subfield code="1">0</subfield>
    <subfield code="4">0</subfield>
    <subfield code="7">0</subfield>
    <subfield code="a">BCEJYS</subfield>
    <subfield code="b">BCEJYS</subfield>
    <subfield code="c">17</subfield>
    <subfield code="d">1981-12-01</subfield>
    <subfield code="h">A&#xF1;o 3, N&#xBA; 36 - dic. 1981</subfield>
    <subfield code="l">0</subfield>
    <subfield code="o">H330 INE 36</subfield>
    <subfield code="p">R12265</subfield>
    <subfield code="r">2026-04-10 16:08:25</subfield>
    <subfield code="w">2026-04-10</subfield>
    <subfield code="y">RN</subfield>
  </datafield>
  <datafield tag="952" ind1=" " ind2=" ">
    <subfield code="0">0</subfield>
    <subfield code="1">0</subfield>
    <subfield code="4">0</subfield>
    <subfield code="7">0</subfield>
    <subfield code="a">BCEJYS</subfield>
    <subfield code="b">BCEJYS</subfield>
    <subfield code="c">17</subfield>
    <subfield code="d">1981-11-01</subfield>
    <subfield code="h">A&#xF1;o 3, N&#xBA; 35 - nov. 1981</subfield>
    <subfield code="l">0</subfield>
    <subfield code="o">H330 INE 35</subfield>
    <subfield code="p">R12264</subfield>
    <subfield code="r">2026-04-10 16:08:25</subfield>
    <subfield code="w">2026-04-10</subfield>
    <subfield code="y">RN</subfield>
  </datafield>
  <datafield tag="952" ind1=" " ind2=" ">
    <subfield code="0">0</subfield>
    <subfield code="1">0</subfield>
    <subfield code="4">0</subfield>
    <subfield code="7">0</subfield>
    <subfield code="a">BCEJYS</subfield>
    <subfield code="b">BCEJYS</subfield>
    <subfield code="c">17</subfield>
    <subfield code="d">1981-10-01</subfield>
    <subfield code="h">A&#xF1;o 3, N&#xBA; 34 - oct. 1981</subfield>
    <subfield code="l">0</subfield>
    <subfield code="o">H330 INE 34</subfield>
    <subfield code="p">R12263</subfield>
    <subfield code="r">2026-04-10 16:08:25</subfield>
    <subfield code="w">2026-04-10</subfield>
    <subfield code="y">RN</subfield>
  </datafield>
  <datafield tag="952" ind1=" " ind2=" ">
    <subfield code="0">0</subfield>
    <subfield code="1">0</subfield>
    <subfield code="4">0</subfield>
    <subfield code="7">0</subfield>
    <subfield code="a">BCEJYS</subfield>
    <subfield code="b">BCEJYS</subfield>
    <subfield code="c">17</subfield>
    <subfield code="d">1981-09-01</subfield>
    <subfield code="h">A&#xF1;o 3, N&#xBA; 33 - sep. 1981</subfield>
    <subfield code="l">0</subfield>
    <subfield code="o">H330 INE 33</subfield>
    <subfield code="p">R12262</subfield>
    <subfield code="r">2026-04-10 16:08:25</subfield>
    <subfield code="w">2026-04-10</subfield>
    <subfield code="y">RN</subfield>
  </datafield>
  <datafield tag="952" ind1=" " ind2=" ">
    <subfield code="0">0</subfield>
    <subfield code="1">0</subfield>
    <subfield code="4">0</subfield>
    <subfield code="7">0</subfield>
    <subfield code="a">BCEJYS</subfield>
    <subfield code="b">BCEJYS</subfield>
    <subfield code="c">17</subfield>
    <subfield code="d">1981-08-01</subfield>
    <subfield code="h">A&#xF1;o 3, N&#xBA; 32 - ago. 1981</subfield>
    <subfield code="l">0</subfield>
    <subfield code="o">H330 INE 32</subfield>
    <subfield code="p">R12261</subfield>
    <subfield code="r">2026-04-10 16:08:25</subfield>
    <subfield code="w">2026-04-10</subfield>
    <subfield code="y">RN</subfield>
  </datafield>
  <datafield tag="952" ind1=" " ind2=" ">
    <subfield code="0">0</subfield>
    <subfield code="1">0</subfield>
    <subfield code="4">0</subfield>
    <subfield code="7">0</subfield>
    <subfield code="a">BCEJYS</subfield>
    <subfield code="b">BCEJYS</subfield>
    <subfield code="c">17</subfield>
    <subfield code="d">1981-06-01</subfield>
    <subfield code="h">A&#xF1;o 3, N&#xBA; 30 - jun. 1981</subfield>
    <subfield code="l">0</subfield>
    <subfield code="o">H330 INE 30</subfield>
    <subfield code="p">R12260</subfield>
    <subfield code="r">2026-04-10 16:08:25</subfield>
    <subfield code="w">2026-04-10</subfield>
    <subfield code="y">RN</subfield>
  </datafield>
  <datafield tag="952" ind1=" " ind2=" ">
    <subfield code="0">0</subfield>
    <subfield code="1">0</subfield>
    <subfield code="4">0</subfield>
    <subfield code="7">0</subfield>
    <subfield code="a">BCEJYS</subfield>
    <subfield code="b">BCEJYS</subfield>
    <subfield code="c">17</subfield>
    <subfield code="d">1981-05-01</subfield>
    <subfield code="h">A&#xF1;o 3, N&#xBA; 29 - mayo 1981</subfield>
    <subfield code="l">0</subfield>
    <subfield code="o">H330 INE 29</subfield>
    <subfield code="p">R12259</subfield>
    <subfield code="r">2026-04-10 16:08:25</subfield>
    <subfield code="w">2026-04-10</subfield>
    <subfield code="y">RN</subfield>
  </datafield>
  <datafield tag="952" ind1=" " ind2=" ">
    <subfield code="0">0</subfield>
    <subfield code="1">0</subfield>
    <subfield code="4">0</subfield>
    <subfield code="7">0</subfield>
    <subfield code="a">BCEJYS</subfield>
    <subfield code="b">BCEJYS</subfield>
    <subfield code="c">17</subfield>
    <subfield code="d">1981-04-01</subfield>
    <subfield code="h">A&#xF1;o 3, N&#xBA; 28 - abr. 1981</subfield>
    <subfield code="l">0</subfield>
    <subfield code="o">H330 INE 28</subfield>
    <subfield code="p">R12258</subfield>
    <subfield code="r">2026-04-10 16:08:25</subfield>
    <subfield code="w">2026-04-10</subfield>
    <subfield code="y">RN</subfield>
  </datafield>
  <datafield tag="952" ind1=" " ind2=" ">
    <subfield code="0">0</subfield>
    <subfield code="1">0</subfield>
    <subfield code="4">0</subfield>
    <subfield code="7">0</subfield>
    <subfield code="a">BCEJYS</subfield>
    <subfield code="b">BCEJYS</subfield>
    <subfield code="c">17</subfield>
    <subfield code="d">1981-03-01</subfield>
    <subfield code="h">A&#xF1;o 3, N&#xBA; 27 - mar. 1981</subfield>
    <subfield code="l">0</subfield>
    <subfield code="o">H330 INE 27</subfield>
    <subfield code="p">R12257</subfield>
    <subfield code="r">2026-04-10 16:08:25</subfield>
    <subfield code="w">2026-04-10</subfield>
    <subfield code="y">RN</subfield>
  </datafield>
  <datafield tag="952" ind1=" " ind2=" ">
    <subfield code="0">0</subfield>
    <subfield code="1">0</subfield>
    <subfield code="4">0</subfield>
    <subfield code="7">0</subfield>
    <subfield code="a">BCEJYS</subfield>
    <subfield code="b">BCEJYS</subfield>
    <subfield code="c">17</subfield>
    <subfield code="d">1981-02-01</subfield>
    <subfield code="h">A&#xF1;o 3, N&#xBA; 26 - feb. 1981</subfield>
    <subfield code="l">0</subfield>
    <subfield code="o">H330 INE 26</subfield>
    <subfield code="p">R12256</subfield>
    <subfield code="r">2026-04-10 16:08:25</subfield>
    <subfield code="w">2026-04-10</subfield>
    <subfield code="y">RN</subfield>
  </datafield>
  <datafield tag="952" ind1=" " ind2=" ">
    <subfield code="0">0</subfield>
    <subfield code="1">0</subfield>
    <subfield code="4">0</subfield>
    <subfield code="7">0</subfield>
    <subfield code="a">BCEJYS</subfield>
    <subfield code="b">BCEJYS</subfield>
    <subfield code="c">17</subfield>
    <subfield code="d">1981-01-01</subfield>
    <subfield code="h">A&#xF1;o 3, N&#xBA; 25 - ene. 1981</subfield>
    <subfield code="l">0</subfield>
    <subfield code="o">H330 INE 25</subfield>
    <subfield code="p">R12255</subfield>
    <subfield code="r">2026-04-10 16:08:25</subfield>
    <subfield code="w">2026-04-10</subfield>
    <subfield code="y">RN</subfield>
  </datafield>
  <datafield tag="952" ind1=" " ind2=" ">
    <subfield code="0">0</subfield>
    <subfield code="1">0</subfield>
    <subfield code="4">0</subfield>
    <subfield code="7">0</subfield>
    <subfield code="a">BCEJYS</subfield>
    <subfield code="b">BCEJYS</subfield>
    <subfield code="c">17</subfield>
    <subfield code="d">1980-11-01</subfield>
    <subfield code="h">A&#xF1;o 2, N&#xBA; 23 - nov. 1980</subfield>
    <subfield code="l">0</subfield>
    <subfield code="o">H330 INE 23</subfield>
    <subfield code="p">R12254</subfield>
    <subfield code="r">2026-04-10 16:08:25</subfield>
    <subfield code="w">2026-04-10</subfield>
    <subfield code="y">RN</subfield>
  </datafield>
  <datafield tag="952" ind1=" " ind2=" ">
    <subfield code="0">0</subfield>
    <subfield code="1">0</subfield>
    <subfield code="4">0</subfield>
    <subfield code="7">0</subfield>
    <subfield code="a">BCEJYS</subfield>
    <subfield code="b">BCEJYS</subfield>
    <subfield code="c">17</subfield>
    <subfield code="d">1980-10-01</subfield>
    <subfield code="h">A&#xF1;o 2, N&#xBA; 22 - oct. 1980</subfield>
    <subfield code="l">0</subfield>
    <subfield code="o">H330 INE 22</subfield>
    <subfield code="p">R12253</subfield>
    <subfield code="r">2026-04-10 16:08:25</subfield>
    <subfield code="w">2026-04-10</subfield>
    <subfield code="y">RN</subfield>
  </datafield>
  <datafield tag="952" ind1=" " ind2=" ">
    <subfield code="0">0</subfield>
    <subfield code="1">0</subfield>
    <subfield code="4">0</subfield>
    <subfield code="7">0</subfield>
    <subfield code="a">BCEJYS</subfield>
    <subfield code="b">BCEJYS</subfield>
    <subfield code="c">17</subfield>
    <subfield code="d">1980-09-01</subfield>
    <subfield code="h">A&#xF1;o 2, N&#xBA; 21 - sep. 1980</subfield>
    <subfield code="l">0</subfield>
    <subfield code="o">H330 INE 21</subfield>
    <subfield code="p">R12252</subfield>
    <subfield code="r">2026-04-10 16:08:25</subfield>
    <subfield code="w">2026-04-10</subfield>
    <subfield code="y">RN</subfield>
  </datafield>
</record>
